Daňové dôsledky vyradenia hmotného a nehmotného majetku v roku 2004

Zákon č. 366/1999 Z. z. o daniach z príjmov v znení neskorších predpisov pri posudzovaní zostatkovej ceny hmotného a nehmotného majetku má od 1. januára 2004 predmetnú problematiku upravenú v § 19 ods. 3 písm. b) zákona č. 595/2003 Z. z. o dani z príjmov v znení neskorších predpisov. Praktické príkl...

Descrizione completa

Salvato in:
Dettagli Bibliografici
Autore principale: Lišková, Katarína
Natura: Capitolo di libro
Lingua:slovacco
Soggetti:
Tags: Aggiungi Tag
Nessun Tag, puoi essere il primo ad aggiungerne!!

MARC

LEADER 00000naa$a2200000$$$4500
001 0023452
005 20230919094858.4
041 0 |a slo 
044 |a SK 
245 1 0 |a Daňové dôsledky vyradenia hmotného a nehmotného majetku v roku 2004  |c Katarína Lišková 
520 |a Zákon č. 366/1999 Z. z. o daniach z príjmov v znení neskorších predpisov pri posudzovaní zostatkovej ceny hmotného a nehmotného majetku má od 1. januára 2004 predmetnú problematiku upravenú v § 19 ods. 3 písm. b) zákona č. 595/2003 Z. z. o dani z príjmov v znení neskorších predpisov. Praktické príklady. 
610 2 0 |a legislatíva 
610 2 0 |a Slovensko 
610 2 0 |a majetok hmotný 
610 2 0 |a majetok nehmotný 
610 2 0 |a likvidácia 
610 2 0 |a ceny zostatkové 
610 2 0 |a dane z príjmov 
610 2 0 |a daňovníci 
610 2 0 |a výdavky daňové 
100 1 |a Lišková, Katarína